000
00305nam a22001457a 4500
008
221013b ||||| |||| 00| 0 eng d
020
_a
0395342279
041
_a
eng
080
_a
330
082
_a
330
100
_a
23.1
101
_a
ECO
245
_a
ECONOMICS
_c
BRONFENBRENNER M
942
_2
udc
_c
BK
999
_c
58544
_d
58544